| 000 | 01378nam a2200349 a 4500 | ||
|---|---|---|---|
| 001 | 000112310 | ||
| 003 | CHAP | ||
| 005 | 20220329144256.0 | ||
| 008 | 160301s2016 mx a fsm |||||||spa d | ||
| 010 | _a108771 | ||
| 011 | _a109743 | ||
| 040 | _cCHAP | ||
| 090 | _aTesis | ||
| 100 | 1 |
_aIbáñez Rodríguez, Dania Guadalupe _9130534 |
|
| 245 | 1 | 0 |
_aProducción de semilla de dos gramíneas nativas Hilaria cenchroides (Kunth) y Muhlenbergia phleoides (Kunth) Columbus, con potencial para restaurar agostaderos / _h[En línea] _cpor Dania Guadalupe Ibáñez Rodríguez y Miguel Angel Medel Rivera. |
| 260 |
_aChapingo, Méx. : _bEl autor, _c2016. |
||
| 500 | _aPara ver el contenido del material haga clic en la liga | ||
| 502 | _aTesis (Ing. en Recursos Naturales Renovables) -- UACH. Departamento de Suelos | ||
| 590 |
_aE5995AHE _b05 _c20160301 _lUCH01 _h1242 |
||
| 590 |
_aE5995AHE _b05 _c20160301 _lUCH01 _h1242 |
||
| 590 |
_aE5995AHE _b05 _c20160302 _lUCH01 _h1348 |
||
| 650 | 1 | 4 |
_aCoeficiente de agostadero. _924319 |
| 650 | 1 | 4 |
_aGramíneas. _950260 |
| 650 | 1 | 4 |
_aPastos forrajeros _xSemilla. _986120 |
| 650 | 1 | 4 |
_aPastos _xSemilla. _986077 |
| 650 | 1 | 4 |
_aSemillas _xProducción. _9103927 |
| 700 | 1 |
_aMedel Rivera, Miguel Angel _9130535 |
|
| 856 |
_aFinding aid _uhttp://10.13.5.2/tesis/sist112310.pdf _zTeclea aquí |
||
| 901 | _aBK | ||
| 942 | _cTESIS | ||
| 942 | _n0 | ||
| 999 |
_c108771 _d108771 |
||